What letter comes next in the alpabet - Statistics

General Stats
  • This quiz has been taken 75 times
  • The average score is 12 of 15
Answer Stats
Hint Answer % Correct
H I
94%
Q R
94%
L M
90%
N O
90%
G H
86%
I J
86%
M N
86%
A B
82%
C D
80%
V W
80%
X Y
72%
B C
70%
W X
66%
Y Z
64%
U V
54%
No matching quizzes found
Score Distribution
Percent of People with Each Score
Percentile by Number Answered
Your Score History
You have not taken this quiz